অর্থনৈতিক উন্নয়ন মতবাদ / (Record no. 47388)
[ view plain ]
| 000 -LEADER | |
|---|---|
| fixed length control field | 00950nam a2200241 a 4500 |
| 001 - CONTROL NUMBER | |
| control field | 47388 |
| 003 - CONTROL NUMBER IDENTIFIER | |
| rucl marc code | BD-RjUL |
| 005 - DATE AND TIME OF LATEST TRANSACTION | |
| control field | 20211209054315.0 |
| 008 - FIXED-LENGTH DATA ELEMENTS--GENERAL INFORMATION | |
| fixed length control field | 160808s1973 beg||||| |||| 00| 0 eng d |
| 020 ## - INTERNATIONAL STANDARD BOOK NUMBER | |
| Terms of availability | : Tk.18.00 |
| 035 ## - SYSTEM CONTROL NUMBER | |
| System control number | (BD-RjUL)47507 |
| 040 ## - CATALOGING SOURCE | |
| Original cataloging agency | BD-RjUL |
| Language of cataloging | ben |
| Transcribing agency | BD-RjUL |
| 041 ## - LANGUAGE CODE | |
| Language code of text/sound track or separate title | ben |
| 082 ## - DEWEY DECIMAL CLASSIFICATION NUMBER | |
| Edition number | 23 |
| Classification number | 338.91 |
| Author mark and year | SHA 1973 |
| 100 1# - MAIN ENTRY--PERSONAL NAME | |
| Personal name | সুম্পিটার, জোসেফ এ. |
| 9 (RLIN) | 144151 |
| 245 1# - TITLE STATEMENT | |
| Title | অর্থনৈতিক উন্নয়ন মতবাদ / |
| Statement of responsibility, etc. | জোসেফ এ.সুম্পিটার ; তোফাজ্জল হোসেন |
| 260 ## - PUBLICATION, DISTRIBUTION, ETC. (IMPRINT) | |
| Place of publication, distribution, etc. | ঢাকা |
| Name of publisher, distributor, etc. | বাংলা একাডেমী |
| Date of publication, distribution, etc. | ১৯৭৩. |
| 300 ## - PHYSICAL DESCRIPTION | |
| Pagination | ৩১৪পৃ |
| Size | ২১ সেমি |
| 650 ## - SUBJECT ADDED ENTRY--TOPICAL TERM | |
| Topical term or geographic name as entry element | অর্থনৈতিক উন্নয়ন |
| Form subdivision | মতবাদ |
| 9 (RLIN) | 144152 |
| Topical term or geographic name as entry element | Economic development |
| Form subdivision | theory |
| 9 (RLIN) | 144153 |
| 700 ## - ADDED ENTRY--PERSONAL NAME | |
| Personal name | হোসেন,তোফাজ্জল |
| 942 ## - ADDED ENTRY ELEMENTS (KOHA) | |
| Source of classification or shelving scheme | Dewey Decimal Classification |
| Koha item type | Books |
| Lost status | Source of classification or shelving scheme | Damaged status | Not for loan | Collection code | Permanent Location | Current Location | Shelving location | Date acquired | Source of acquisition | Cost, normal purchase price | Total Checkouts | Full call number | Date last seen | Copy number | Koha item type | Date checked out |
|---|---|---|---|---|---|---|---|---|---|---|---|---|---|---|---|---|
| Dewey Decimal Classification | Non-fiction | Central Library, University of Rajshahi | Central Library, University of Rajshahi | 25/01/1975 | Bangla Academy, | 18.00 | B 338.91 SHA 1973 | 08/08/2016 | C-2 | Books | ||||||
| Dewey Decimal Classification | Non-fiction | Central Library, University of Rajshahi | Central Library, University of Rajshahi | 17/06/1982 | Aligor Library | 18.00 | B 338.91 SHA 1973 | 08/08/2016 | C-3 | Books | ||||||
| Dewey Decimal Classification | Non-fiction | Central Library, University of Rajshahi | Central Library, University of Rajshahi | 17/06/1982 | Bangla academy | 18.00 | B 338.91 SHA 1973 | 08/08/2016 | C-4 | Books | ||||||
| Dewey Decimal Classification | Non-fiction | Central Library, University of Rajshahi | Central Library, University of Rajshahi | 25/01/1975 | Bangla academy | 18.00 | B 338.91 SHA 1973 | 08/08/2016 | C-5 | Books | ||||||
| Dewey Decimal Classification | Non-fiction | Central Library, University of Rajshahi | Central Library, University of Rajshahi | 25/01/1975 | Bangla academy | 18.00 | 1 | B 338.91 SHA 1973 | 02/05/2019 | C-6 | Books | 18/04/2019 | ||||
| Dewey Decimal Classification | Non-fiction | Central Library, University of Rajshahi | Central Library, University of Rajshahi | 25/01/1975 | Bangla academy | 18.00 | B 338.91 SHA 1973 | 08/08/2016 | C-7 | Books | ||||||
| Dewey Decimal Classification | Non-fiction | Central Library, University of Rajshahi | Central Library, University of Rajshahi | 17/06/1982 | Aligor Library | 18.00 | B 338.91 SHA 1973 | 08/08/2016 | C-8 | Books | ||||||
| Dewey Decimal Classification | Non-fiction | Central Library, University of Rajshahi | Central Library, University of Rajshahi | 25/01/1975 | Bangla Academy, Dhaka | 18.00 | B 338.91 SHA 1973 | 19/09/2016 | C-9 | Books | ||||||
| Dewey Decimal Classification | Not For Loan | Non-fiction | Central Library, University of Rajshahi | Central Library, University of Rajshahi | Reading Room | 25/01/1975 | Bangla Academy, Dhaka. | 18.00 | B 338.91 SHA 1973 | 24/12/2016 | C-1 | Books | ||||
| Dewey Decimal Classification | Non-fiction | Central Library, University of Rajshahi | Central Library, University of Rajshahi | 25/01/1975 | Bangla Academy, Dhaka | 18.00 | B 338.91 SHA 1973 | 30/01/2017 | C-10 | Books |